Statystyki dla Dopasuj państwo do wybranej stolicy na każdą literę

Kliknij tutaj aby rozwiązać quiz!

Ogólne statystyki

  • Ten quiz został rozwiązany 61 razy
  • Średni wynik to 16 z 24

Statystyki odpowiedzi

StolicaPaństwo% Poprawnych
OttawaKanada
98%
ZagrzebChorwacja
96%
VaduzLiechtenstein
93%
Ułan BatorMongolia
93%
GwatemalaGwatemala
91%
ErywańArmenia
88%
KingstonJamajka
84%
BejrutLiban
84%
QuitoEkwador
80%
IslamabadPakistan
79%
AkraGhana
68%
ChartumSudan
66%
WientianLaos
64%
MaskatOman
63%
TaszkentUzbekistan
61%
SanaJemen
57%
Port-au-PrinceHaiti
45%
LusakaZambia
45%
NdżamenaCzad
41%
DiliTimor Wschodni
41%
HarareZimbabwe
41%
JamusukroWybrzeże Kości Słoniowej
36%
FreetownSierra Leone
30%
YarenNauru
29%

Rozkład punktacji

Percentyl według liczby udzielonych odpowiedzi

Procent ludzi z każdym wynikiem

Twoja historia wyników

Nie rozwiązałeś tego quizu